Central Library OPAC University of Rajshahi

যজুর্বেদ-সংহিতা / (Record no. 57138)

MARC details
000 -LEADER
fixed length control field 00872nam a2200241 a 4500
001 - CONTROL NUMBER
control field 57138
003 - CONTROL NUMBER IDENTIFIER
rucl marc code BD-RjUL
005 - DATE AND TIME OF LATEST TRANSACTION
control field 20211209080455.0
008 - FIXED-LENGTH DATA ELEMENTS--GENERAL INFORMATION
fixed length control field 161206s1977 ii ||||| |||| 00| 0 ben d
035 ## - SYSTEM CONTROL NUMBER
System control number (BD-RjUL) 57262
040 ## - CATALOGING SOURCE
Original cataloging agency BD-RjUL
Language of cataloging ben
Transcribing agency BD-RjUL
041 ## - LANGUAGE CODE
Language code of text/sound track or separate title ben
082 ## - DEWEY DECIMAL CLASSIFICATION NUMBER
Edition number 23
Classification number 294.59214
Author mark and year SUJ 1977
100 ## - MAIN ENTRY--PERSONAL NAME
Personal name শুক্ল
9 (RLIN) 169731
245 10 - TITLE STATEMENT
Title যজুর্বেদ-সংহিতা /
Statement of responsibility, etc. শুক্ল; কৃষ্ণ
260 ## - PUBLICATION, DISTRIBUTION, ETC. (IMPRINT)
Place of publication, distribution, etc. কলকাতা :
Name of publisher, distributor, etc. হরফ প্রকাশনী,
Date of publication, distribution, etc. ১৯৭৭
300 ## - PHYSICAL DESCRIPTION
Pagination ৭২৮ পৃ. ;
Size ২২ সেমি.
650 ## - SUBJECT ADDED ENTRY--TOPICAL TERM
Topical term or geographic name as entry element যজুর্বেদ
9 (RLIN) 119076
Topical term or geographic name as entry element Yajurveda
9 (RLIN) 119077
700 ## - ADDED ENTRY--PERSONAL NAME
Personal name গোস্বামী, বিজনবিহারী, অনুবাদ ও সম্পাদনা
Personal name কৃষ্ণ
942 ## - ADDED ENTRY ELEMENTS (KOHA)
Source of classification or shelving scheme Dewey Decimal Classification
Koha item type Books
Holdings
Lost status Source of classification or shelving scheme Damaged status Not for loan Collection code Permanent Location Current Location Shelving location Date acquired Source of acquisition Cost, normal purchase price Total Checkouts Full call number Date last seen Copy number Koha item type
  Dewey Decimal Classification   Not For Loan Non-fiction Central Library, University of Rajshahi Central Library, University of Rajshahi Reading Room 31/10/1980 Ureka Book Akademi, Rajshahi 30.00   B 294.59214 SUJ 1977 06/12/2016 C-1 Books